Jeanny (Falco) - Songtext - Statistiken

Allgemein
  • Dieses Quiz wurde 234 mal gespielt
  • Das Durchschnittsergebnis liegt bei 292 aus 460
Antwortstatistiken
Antwort % Korrekt
Jeanny,
99%
Jeanny
99%
(Jeanny),
99%
Du
93%
du
93%
sie,
90%
sie
90%
Sie
90%
a
89%
dich?
86%
dich
86%
Wir
86%
wir
86%
ich
85%
Ich
85%
is
85%
who
84%
in
83%
"In
83%
on
83%
wo
83%
livin'
82%
nicht?
81%
nicht
81%
bist
80%
dreams
79%
komm,
78%
komm
78%
Wer
78%
life
77%
mir
77%
not
77%
quit
77%
what
76%
dein
75%
Dein
75%
ist
75%
it
75%
mich?
75%
mich
75%
seems
75%
bei
73%
wird
73%
world
73%
world)
73%
Zu
73%
zu
73%
an"
72%
den
72%
Es
72%
es
72%
finden,
72%
hast
71%
niemand
71%
girl
70%
uns?
70%
you
69%
you,
69%
Such
68%
Lippen
67%
lonely
67%
auf,
66%
auf
66%
ihn
66%
little
66%
the
65%
Und
64%
und,
64%
und
64%
werden
64%
aus
63%
aus,
63%
cold,
63%
cold
63%
(cold
63%
das
63%
Oder
63%
someone
63%
verloren
63%
verloren?
63%
weg
63%
Weg
63%
hier
62%
hier,
62%
Lippenstift
62%
müssen
62%
dir
60%
na,
60%
na
60%
Als
59%
als
59%
come
59%
hab
59%
need
59%
dass
58%
dem
58%
kommen,
58%
deinen
57%
holen
57%
Rot
57%
sind
57%
ab
56%
hat
56%
There's
55%
there's
55%
ein
54%
gesehen
54%
hör
54%
"Mach
54%
Raus
54%
Schuh?
54%
verwischt
54%
viel
54%
Wald,
54%
Alle
52%
needs
52%
die
51%
Die
51%
gekauft
51%
gesagt:
50%
sich
49%
um
49%
der
48%
Aber
47%
and
47%
and...
47%
Mädchen,
47%
Steh
47%
zeigen
47%
doch,
46%
Jetzt
45%
mehr
45%
Schon
45%
zusammen
45%
fight
43%
ganz
43%
heute
43%
night
43%
night,
43%
Polizei
43%
verstehst
43%
wissen,
43%
musste
42%
nass
42%
warst
42%
wirst
42%
Augen
41%
bitte
41%
lost
41%
spät,
41%
Tagen
41%
sagen
40%
handelt
39%
handelt"
39%
vor
39%
Worte
39%
You're
39%
kalt,
38%
letzten
37%
struggle
37%
Verbrechen
37%
von
37%
brauchst
35%
Don't
35%
don't
35%
schließt
34%
wurde
34%
oh,
33%
wanna
33%
zuletzt
33%
durchschaut,
31%
Monaten
31%
vermissten
30%
Zahl
30%
Möglichkeit
29%
Newsflash:
29%
vierzehn
29%
who's
28%
einem
27%
neunzehnjähriges
27%
angestiegen
26%
Fall
25%
Just
25%
Personen
25%
baby,
23%
baby
23%
babe
22%
dramatisch
22%
gonna
22%
berichtet
21%
tragischen
21%
weiteren
21%
hm?
20%
jüngste
19%
Polizeibehörde
19%
lokalen
18%
Veröffentlichung
18%
hey,
11%
know
10%
know,
10%
now
7%
Keine übereinstimmenden Quizze gefunden
Verteilung der Resultate
Anzahl Personen mit jedem Resultat
Perzentil nach korrekt beantworteten Fragen
Ihre Resultats-Entwicklung
Sie haben dieses Quiz noch nicht gespielt